[Event "VL18/19"]
[Site "Mecklenburg-Vorpommern"]
[Date "2019.02.24"]
[Round "6.8"]
[White "Staben, Thomas"]
[Black "Dittrich, Carsten"]
[Result "1/2-1/2"]
[WhiteElo "1589"]
[BlackElo "1824"]
[Annotator "User"]
[PlyCount "121"]
[EventDate "2018.??.??"]
[EventType "team-tourn"]
[EventRounds "9"]
[EventCountry "GER"]
[WhiteTeam "SFO Warnemuende"]
[BlackTeam "SF Schwerin II"]
[WhiteTeamCountry "GER"]
[BlackTeamCountry "GER"]

1. e4 c6 2. Nf3 d5 3. e5 g6 4. d4 Na6 5. Be2 Bg7 6. Bg5 Nc7 7. O-O Ne6 8. Be3
h5 9. Ng5 Nh6 10. c3 Nf5 11. Bd2 Nxg5 12. Bxg5 Bh6 13. Bxh6 Nxh6 14. Nd2 Nf5
15. b4 Qc7 16. Nf3 Ng7 17. Re1 Bf5 18. Ng5 Ne6 19. Nxe6 Bxe6 20. a4 a5 21. b5 {
RA} c5 22. Rc1 c4 23. Qd2 b6 24. Qg5 Qd7 25. Qe3 O-O-O 26. Bd1 Bf5 27. Bc2 Bxc2
28. Rxc2 Qf5 29. Rce2 e6 30. Qd2 g5 31. Qc2 Qxc2 32. Rxc2 Kd7 33. Rce2 Rde8 34.
Re3 Rh6 35. Rf3 Ke7 36. Rg3 Rg6 37. Rf1 Reg8 38. f4 gxf4 39. Rxg6 Rxg6 40. Rxf4
f6 41. Rxf6 Rxf6 42. exf6+ Kxf6 43. Kf2 e5 44. dxe5+ Kxe5 45. Ke3 h4 46. g3 h3
47. g4 Kf6 48. Kd4 Kg5 49. Kxd5 Kxg4 50. Kxc4 $1 Kf3 {Partie hier remis
geendet, Weiß gewinnt wie folgt:} 51. Kd3 Kg2 52. Ke2 Kxh2 53. Kf2 Kh1 54. c4
Kh2 (54... h2 55. c5 bxc5 56. b6 c4 57. b7 c3 58. b8=Q c2 59. Qb7#) 55. c5 Kh1
56. Kg3 h2 57. Kf2 bxc5 58. b6 c4 59. b7 c3 60. b8=Q c2 61. Qb7# 1/2-1/2

[Event "VL18/19"]
[Site "Mecklenburg-Vorpommern"]
[Date "2019.02.24"]
[Round "6.1"]
[White "Mehl, Ronald"]
[Black "Schmekel, Florian"]
[Result "1-0"]
[WhiteElo "2044"]
[BlackElo "2016"]
[PlyCount "149"]
[EventDate "2018.??.??"]
[EventType "team-tourn"]
[EventRounds "9"]
[EventCountry "GER"]
[WhiteTeam "FHSG Stralsund"]
[BlackTeam "SAV Torgelow"]
[WhiteTeamCountry "GER"]
[BlackTeamCountry "GER"]

1. d4 Nf6 2. Nf3 e6 3. c4 b6 4. g3 Bb7 5. Bg2 Be7 6. O-O O-O 7. Nc3 d6 8. Qc2
Nbd7 9. e4 c5 10. d5 exd5 11. exd5 Re8 12. Re1 Nf8 13. Nh4 Ng6 14. Nf5 Bf8 15.
Bd2 Bc8 16. h3 Bd7 17. Kh2 a6 18. Rxe8 Nxe8 19. Ne3 Ne7 20. f4 g6 21. g4 f5 22.
g5 Nc7 23. a4 Bg7 24. Ne2 Rb8 25. Bc3 Qf8 26. Rd1 Bxc3 27. Qxc3 Qg7 28. Qa3 Nc8
29. b4 cxb4 30. Qxb4 a5 31. Qa3 Na6 32. Nd4 Nc5 33. Nc6 Rb7 34. Nc2 Bxc6 35.
dxc6 Re7 36. Ne3 h6 37. Nd5 Re2 38. Qf3 Qb2 39. Nf6+ Kg7 40. h4 Ne4 41. Nxe4
Rxe4 42. Rd3 Qc1 43. Rc3 Qe1 44. Qg3 Qxg3+ 45. Kxg3 Re7 46. Kf2 h5 47. Re3 Kf8
48. Bd5 Ke8 49. Be6 Kd8 50. Bxc8 Rxe3 51. Kxe3 Kxc8 52. Kd4 Kd8 53. Kd5 Kc7 54.
Ke6 Kxc6 55. Kf6 Kc5 56. Kxg6 b5 57. cxb5 d5 58. Kxf5 d4 59. g6 d3 60. g7 d2
61. g8=Q d1=Q 62. Qg5 Kb4 63. Kg6 Kxa4 64. f5 Qd5 65. f6 Qg8+ 66. Kxh5 Qh7+ 67.
Kg4 Kb3 68. Qd5+ Kc3 69. f7 Qg7+ 70. Kf5 Qf8 71. Kg6 a4 72. b6 a3 73. b7 Kc2
74. Qe4+ Kd2 75. Qf4+ 1-0

[Event "VL18/19"]
[Site "Mecklenburg-Vorpommern"]
[Date "2019.02.24"]
[Round "6.2"]
[White "Lehmann, Ruben"]
[Black "Glawe, Hartmut"]
[Result "1-0"]
[WhiteElo "1908"]
[BlackElo "1942"]
[PlyCount "53"]
[EventDate "2018.??.??"]
[EventType "team-tourn"]
[EventRounds "9"]
[EventCountry "GER"]
[WhiteTeam "SAV Torgelow"]
[BlackTeam "FHSG Stralsund"]
[WhiteTeamCountry "GER"]
[BlackTeamCountry "GER"]

1. d4 Nf6 2. c4 e6 3. Nc3 d5 4. Bg5 Be7 5. e3 O-O 6. cxd5 exd5 7. Bd3 Be6 8.
Nge2 c6 9. O-O Ng4 10. Bxe7 Qxe7 11. Nf4 Nf6 12. f3 c5 13. Re1 Nc6 14. Bc2 cxd4
15. exd4 Qb4 16. Nfe2 Qxb2 17. Rb1 Qa3 18. Rxb7 Na5 19. Rb5 Rac8 20. Qd3 Nc4
21. Reb1 g6 22. g4 Qd6 23. Rb7 a6 24. h3 h5 25. Kg2 hxg4 26. hxg4 Kg7 27. Qxg6+
1-0

[Event "VL18/19"]
[Site "Mecklenburg-Vorpommern"]
[Date "2019.02.24"]
[Round "6.3"]
[White "Kohn, Andreas"]
[Black "Zentgraf, Robert"]
[Result "0-1"]
[WhiteElo "1888"]
[BlackElo "2105"]
[PlyCount "92"]
[EventDate "2018.??.??"]
[EventType "team-tourn"]
[EventRounds "9"]
[EventCountry "GER"]
[WhiteTeam "FHSG Stralsund"]
[BlackTeam "SAV Torgelow"]
[WhiteTeamCountry "GER"]
[BlackTeamCountry "GER"]

1. e4 c5 2. Nf3 g6 3. d4 cxd4 4. Nxd4 Bg7 5. Nc3 Nc6 6. Be3 Nf6 7. f3 O-O 8.
Qd2 d5 9. exd5 Nxd5 10. Nxc6 bxc6 11. Bd4 e5 12. Bc5 Re8 13. Nxd5 cxd5 14. Bb5
Bd7 15. Bxd7 Qxd7 16. O-O Qc6 17. Ba3 d4 18. Qd3 Rac8 19. Rf2 Bh6 20. Re2 Be3+
21. Kh1 Bf4 22. Rae1 Re6 23. b3 Qa6 24. Bb2 Qxa2 25. Bc1 Bxc1 26. Rxc1 Qb2 27.
Qd1 Qc3 28. Ra1 a6 29. h3 Rc5 30. Ra4 Ra5 31. Rxa5 Qxa5 32. Qd3 Qb5 33. Qd2 Kg7
34. f4 f6 35. Re1 Qb6 36. Qd3 Qd6 37. f5 Re7 38. Ra1 e4 39. Qc4 e3 40. Qe2 gxf5
41. Ra5 Re5 42. Ra4 a5 43. Kg1 Rc5 44. Qd3 Qe5 45. Rxd4 e2 46. Rd7+ Kg6 0-1

[Event "VL18/19"]
[Site "Mecklenburg-Vorpommern"]
[Date "2019.02.24"]
[Round "6.4"]
[White "Bauer, Norbert"]
[Black "Paulowitz, Bernd Rainer"]
[Result "0-1"]
[WhiteElo "2026"]
[BlackElo "1868"]
[PlyCount "62"]
[EventDate "2018.??.??"]
[EventType "team-tourn"]
[EventRounds "9"]
[EventCountry "GER"]
[WhiteTeam "SAV Torgelow"]
[BlackTeam "FHSG Stralsund"]
[WhiteTeamCountry "GER"]
[BlackTeamCountry "GER"]

1. d4 Nf6 2. c4 e6 3. Nc3 d5 4. cxd5 exd5 5. Bg5 Be7 6. e3 O-O 7. Bd3 c6 8.
Nge2 Nbd7 9. Qc2 Re8 10. O-O Nf8 11. f3 h6 12. Bh4 Ne6 13. Bf2 Bd7 14. Kh1 Kh8
15. Rae1 Rc8 16. Ng3 b6 17. Nf5 c5 18. Ba6 Rc6 19. Bg3 Nc7 20. Nxe7 Rxe7 21.
Bb7 Rce6 22. dxc5 bxc5 23. Bxc7 Qxc7 24. Bxd5 Rxe3 25. Rxe3 Rxe3 26. Bxf7 Qe5
27. Bg6 Bc6 28. Qd1 Qd4 29. Qc2 Qh4 30. Qd2 Qd4 31. Qf2 Re5 0-1

[Event "VL18/19"]
[Site "Mecklenburg-Vorpommern"]
[Date "2019.02.24"]
[Round "6.5"]
[White "Kohn, Thomas"]
[Black "Ehlers, Michael"]
[Result "1/2-1/2"]
[WhiteElo "1851"]
[BlackElo "1850"]
[PlyCount "123"]
[EventDate "2018.??.??"]
[EventType "team-tourn"]
[EventRounds "9"]
[EventCountry "GER"]
[WhiteTeam "FHSG Stralsund"]
[BlackTeam "SAV Torgelow"]
[WhiteTeamCountry "GER"]
[BlackTeamCountry "GER"]

1. Nf3 Nf6 2. d4 g6 3. c4 Bg7 4. Nc3 d5 5. Bg5 dxc4 6. e3 O-O 7. Bxc4 c5 8.
Bxf6 Bxf6 9. Ne4 Qa5+ 10. Qd2 Qxd2+ 11. Kxd2 cxd4 12. Nxf6+ exf6 13. Nxd4 Rd8
14. Ke2 Nd7 15. Rac1 Ne5 16. Bb3 b6 17. Rc7 Ba6+ 18. Kd2 Rd7 19. Rhc1 Rad8 20.
Rxd7 Rxd7 21. f4 Nd3 22. Rc2 Nxf4 23. exf4 Rxd4+ 24. Ke3 Rd3+ 25. Ke4 Rd7 26.
Ke3 g5 27. g3 Kg7 28. Rc6 Bd3 29. Rc3 Bg6 30. Ba4 Re7+ 31. Kf3 Be4+ 32. Kf2 Bd5
33. a3 Be6 34. Bc2 Rd7 35. Ke3 h6 36. Bd3 f5 37. fxg5 hxg5 38. Bb5 Re7 39. Kd4
f6 40. Bd3 Kf7 41. b4 Ke8 42. a4 Kd8 43. a5 Rd7+ 44. Ke3 bxa5 45. bxa5 Rc7 46.
Ra3 Rc5 47. a6 Kc7 48. Ra4 Bc8 49. h4 Kb6 50. Rb4+ Kc6 51. Ra4 Kd5 52. Rb4 Kc6
53. Rb8 Kd6 54. h5 Be6 55. Rb7 f4+ 56. gxf4 gxf4+ 57. Kxf4 Rxh5 58. Rxa7 Rh4+
59. Ke3 Ra4 60. Rb7 Bd5 61. Rh7 Ke5 62. a7 1/2-1/2

[Event "VL18/19"]
[Site "Mecklenburg-Vorpommern"]
[Date "2019.02.24"]
[Round "6.6"]
[White "Bress, Aaron"]
[Black "Klepin, Wilfried"]
[Result "0-1"]
[WhiteElo "1831"]
[BlackElo "1798"]
[PlyCount "46"]
[EventDate "2018.??.??"]
[EventType "team-tourn"]
[EventRounds "9"]
[EventCountry "GER"]
[WhiteTeam "SAV Torgelow"]
[BlackTeam "FHSG Stralsund"]
[WhiteTeamCountry "GER"]
[BlackTeamCountry "GER"]

1. e4 d5 2. exd5 Nf6 3. d4 Nxd5 4. Nf3 Bf5 5. a3 c6 6. c4 Nf6 7. Nc3 e6 8. Be2
Bd6 9. Nh4 Bg6 10. Nxg6 hxg6 11. h3 Nbd7 12. Be3 Qc7 13. O-O Bh2+ 14. Kh1 Bf4
15. Qd2 g5 16. Bxf4 gxf4 17. Kg1 g5 18. Qd1 O-O-O 19. Bf3 Ne5 20. Ne4 Nxe4 21.
Bxe4 f5 22. Bf3 g4 23. hxg4 Qh7 0-1

[Event "VL18/19"]
[Site "Mecklenburg-Vorpommern"]
[Date "2019.02.24"]
[Round "6.7"]
[White "Rickmann, Niklas"]
[Black "Troemer, Felix"]
[Result "1-0"]
[WhiteElo "1688"]
[BlackElo "1808"]
[PlyCount "113"]
[EventDate "2018.??.??"]
[EventType "team-tourn"]
[EventRounds "9"]
[EventCountry "GER"]
[WhiteTeam "FHSG Stralsund"]
[BlackTeam "SAV Torgelow"]
[WhiteTeamCountry "GER"]
[BlackTeamCountry "GER"]

1. e4 c5 2. d3 e6 3. g3 b6 4. Bg2 Bb7 5. f4 Be7 6. Nf3 d5 7. exd5 exd5 8. O-O
Nf6 9. Ne5 O-O 10. Nd2 Nbd7 11. Ndf3 Rc8 12. b3 Re8 13. Bb2 d4 14. Nxd7 Qxd7
15. Ne5 Qc7 16. Bf3 Rcd8 17. Re1 Bd6 18. Bxb7 Qxb7 19. Nc4 Bb8 20. a4 Rxe1+ 21.
Qxe1 Re8 22. Qd2 Qe7 23. Rf1 Ng4 24. h3 Nf6 25. Bc1 Nd5 26. Kf2 Nb4 27. Ba3 Nd5
28. Re1 Qxe1+ 29. Qxe1 Rxe1 30. Kxe1 g5 31. fxg5 Bxg3+ 32. Ke2 Bf4 33. a5 Bxg5
34. Kf3 f5 35. Nd6 Ne7 36. b4 cxb4 37. Bxb4 Kg7 38. Nb5 Nc6 39. axb6 axb6 40.
Bd6 Bd8 41. Kf4 Kf6 42. Ba3 Ke6 43. Bb2 h6 44. Nxd4+ Nxd4 45. Bxd4 Bc7+ 46. Kf3
Kd5 47. Be3 h5 48. c4+ Ke6 49. Bf4 Be5 50. Ke3 Bb2 51. Bc7 Bc1+ 52. Kf3 b5 53.
cxb5 Kd7 54. Bf4 Ba3 55. Kg3 Be7 56. Be3 Ke6 57. b6 1-0

[Event "VL18/19"]
[Site "Mecklenburg-Vorpommern"]
[Date "2019.02.24"]
[Round "6.8"]
[White "Grossmann, Piet"]
[Black "Sparr, Andreas"]
[Result "1-0"]
[WhiteElo "1688"]
[BlackElo "1604"]
[PlyCount "103"]
[EventDate "2018.??.??"]
[EventType "team-tourn"]
[EventRounds "9"]
[EventCountry "GER"]
[WhiteTeam "SAV Torgelow"]
[BlackTeam "FHSG Stralsund"]
[WhiteTeamCountry "GER"]
[BlackTeamCountry "GER"]

1. e4 c5 2. Nf3 Nc6 3. c3 d6 4. d4 cxd4 5. cxd4 Bg4 6. Be2 g6 7. Nc3 Bg7 8. Be3
Nf6 9. O-O O-O 10. Qd2 a6 11. a4 Rc8 12. Rfd1 Na5 13. Ra3 Nc4 14. Bxc4 Rxc4 15.
Qe2 Qc8 16. h3 Bd7 17. Nd2 Rc7 18. d5 Qb8 19. Bb6 Rcc8 20. a5 Be8 21. Nc4 Nd7
22. Qd3 Ne5 23. Nxe5 Bxe5 24. Qe3 Bd7 25. Rc1 Rc4 26. f4 Bg7 27. Rb3 Qc8 28.
Re1 Qe8 29. Qd3 Qc8 30. Kh2 Bh6 31. Qf3 Bg7 32. Re3 Qe8 33. e5 dxe5 34. fxe5
Bh6 35. Re4 Rxe4 36. Qxe4 Bf5 37. Qe2 Qb8 38. Bd4 Bg7 39. Kh1 Qc7 40. Rb6 Rd8
41. d6 exd6 42. exd6 Qd7 43. Bxg7 Kxg7 44. Qe5+ Kh6 45. Nd5 Re8 46. Ne7 Rf8 47.
Nxf5+ Qxf5 48. Qxf5 gxf5 49. Rxb7 Kg6 50. Rb6 Kf6 51. Rxa6 Ke6 52. Rb6 1-0

[Event "VL18/19"]
[Site "Mecklenburg-Vorpommern"]
[Date "2019.02.24"]
[Round "6.1"]
[White "Reyer, Ulli"]
[Black "Mangold, Thomas"]
[Result "1/2-1/2"]
[WhiteElo "2094"]
[BlackElo "2055"]
[PlyCount "25"]
[EventDate "2018.??.??"]
[EventType "team-tourn"]
[EventRounds "9"]
[EventCountry "GER"]
[WhiteTeam "Greifswalder SV II"]
[BlackTeam "SSC Rostock"]
[WhiteTeamCountry "GER"]
[BlackTeamCountry "GER"]

1. e4 e5 2. Nf3 Nc6 3. Bc4 Bc5 4. c3 Nf6 5. d3 d6 6. Bb3 a6 7. Nbd2 Ba7 8. h3
Ne7 9. Nf1 Ng6 10. Ng3 c6 11. d4 O-O 12. O-O Qe7 13. Re1 1/2-1/2

[Event "VL18/19"]
[Site "Mecklenburg-Vorpommern"]
[Date "2019.02.24"]
[Round "6.2"]
[White "Pererva, Viktor"]
[Black "Fromm, Marius"]
[Result "1-0"]
[WhiteElo "2080"]
[BlackElo "1988"]
[PlyCount "54"]
[EventDate "2018.??.??"]
[EventType "team-tourn"]
[EventRounds "9"]
[EventCountry "GER"]
[WhiteTeam "SSC Rostock"]
[BlackTeam "Greifswalder SV II"]
[WhiteTeamCountry "GER"]
[BlackTeamCountry "GER"]

1. d4 d5 2. c4 c6 3. Nf3 Nf6 4. Nc3 dxc4 5. a4 Bf5 6. Ne5 Nbd7 7. Nxc4 Qc7 8.
g3 e5 9. dxe5 Nxe5 10. Bf4 Nfd7 11. Bg2 g5 12. Ne3 gxf4 13. Nxf5 fxg3 14. hxg3
O-O-O 15. Qc2 Bb4 16. O-O-O Kb8 17. Ne4 Qb6 18. e3 Qa5 19. f4 Nd3+ 20. Qxd3
Qxf5 21. Bh3 Qg6 22. Bxd7 Rxd7 23. Qxd7 Qxe4 24. Qd4 Qxd4 25. Rxd4 Bc5 26. Rd3
Rg8 27. e4 Bf2 1-0

[Event "VL18/19"]
[Site "Mecklenburg-Vorpommern"]
[Date "2019.02.24"]
[Round "6.3"]
[White "Lange, Jannis"]
[Black "Tin, Sergey"]
[Result "1-0"]
[WhiteElo "1840"]
[BlackElo "2008"]
[PlyCount "67"]
[EventDate "2018.??.??"]
[EventType "team-tourn"]
[EventRounds "9"]
[EventCountry "GER"]
[WhiteTeam "Greifswalder SV II"]
[BlackTeam "SSC Rostock"]
[WhiteTeamCountry "GER"]
[BlackTeamCountry "GER"]

1. e4 e5 2. Nf3 Nc6 3. Bb5 a6 4. Ba4 Nf6 5. d3 b5 6. Bb3 Bc5 7. O-O d6 8. c3
O-O 9. h3 Bb6 10. Nbd2 Na5 11. Bc2 c5 12. Re1 Re8 13. Nf1 Bb7 14. Ng3 d5 15.
exd5 Qxd5 16. Bg5 Nd7 17. Re4 h6 18. Bh4 Qe6 19. d4 cxd4 20. Rg4 Nf6 21. Bxf6
Qxf6 22. Nh5 Qc6 23. Nxg7 Kh8 24. Nxe8 Rxe8 25. Be4 Qc7 26. Qd2 Re6 27. cxd4
Nc4 28. Qc2 exd4 29. Bh7 Re8 30. Qf5 Qe7 31. Re1 Qxe1+ 32. Nxe1 Rxe1+ 33. Kh2
Bc7+ 34. f4 1-0

[Event "VL18/19"]
[Site "Mecklenburg-Vorpommern"]
[Date "2019.02.24"]
[Round "6.6"]
[White "Hartzendorf, Jonathan"]
[Black "Troyke, Jannis"]
[Result "1-0"]
[WhiteElo "1773"]
[BlackElo "1895"]
[Annotator "User"]
[PlyCount "91"]
[EventDate "2018.??.??"]
[EventType "team-tourn"]
[EventRounds "9"]
[EventCountry "GER"]
[WhiteTeam "SSC Rostock"]
[BlackTeam "Greifswalder SV II"]
[WhiteTeamCountry "GER"]
[BlackTeamCountry "GER"]

1. c4 c5 2. Nc3 g6 3. g3 Bg7 4. Bg2 Nc6 5. Nf3 d6 6. O-O Nf6 7. d3 a6 8. Rb1
Rb8 9. a4 O-O 10. Ne1 Nb4 11. Nc2 Bd7 12. Bd2 Bc6 13. Nxb4 Bxg2 14. Kxg2 cxb4
15. Ne4 a5 16. Qc1 Qc7 17. f3 Rfd8 18. Nxf6+ Bxf6 19. Bg5 Bg7 20. Qe3 b3 21.
Qc1 d5 22. Bf4 e5 23. Bg5 f6 24. Bh6 dxc4 25. Bxg7 Kxg7 26. Rd1 Rd4 27. e3 Rd6
28. dxc4 Rxd1 29. Qxd1 Qxc4 30. Qd7+ Kg8 31. Rd1 Qe2+ 32. Kh3 Rf8 33. Qe6+ Kh8
34. Qe7 Kg8 35. Rd7 Qf1+ 36. Kh4 Qc4+ 37. e4 Rf7 38. Qd8+ Rf8 39. Qe7 Rf7 40.
Qd8+ Rf8 41. Qxa5 g5+ 42. Kh5 Qf1 43. Qd5+ Kh8 44. Qe6 Qxf3+ 45. Kh6 Qxe4 {
Tg7 ist Matt in 5, Df7 führt ins bessere Endspiel. Weiß findet aber...} 46.
Qxf6+ {... und Schwarz gibt auf... true story 1-0} 1-0

[Event "VL18/19"]
[Site "Mecklenburg-Vorpommern"]
[Date "2019.02.24"]
[Round "6.7"]
[White "Sowada, Christoph"]
[Black "Kallweit, Paul"]
[Result "1-0"]
[WhiteElo "1941"]
[BlackElo "1740"]
[PlyCount "51"]
[EventDate "2018.??.??"]
[EventType "team-tourn"]
[EventRounds "9"]
[EventCountry "GER"]
[WhiteTeam "Greifswalder SV II"]
[BlackTeam "SSC Rostock"]
[WhiteTeamCountry "GER"]
[BlackTeamCountry "GER"]

1. e4 c5 2. Nf3 e6 3. d4 cxd4 4. Nxd4 Nc6 5. Nc3 Nf6 6. Be3 Be7 7. Qf3 Qc7 8.
O-O-O O-O 9. g4 Ne5 10. Qg3 Nfxg4 11. Rg1 g6 12. Bf4 d6 13. h3 Nf6 14. Bh6 Nh5
15. Qh2 Rd8 16. f4 Nc6 17. f5 Nxd4 18. Rxd4 exf5 19. Nd5 Qd7 20. Bb5 Qxb5 21.
Nxe7+ Kh8 22. Rxd6 Re8 23. Rd5 Qb6 24. Qe5+ f6 25. Nxg6+ hxg6 26. Qxe8+ 1-0

[Event "VL18/19"]
[Site "Mecklenburg-Vorpommern"]
[Date "2019.02.24"]
[Round "6.8"]
[White "Witek, Jarne"]
[Black "Dombrowski, Frank"]
[Result "0-1"]
[WhiteElo "1532"]
[BlackElo "1873"]
[PlyCount "56"]
[EventDate "2018.??.??"]
[EventType "team-tourn"]
[EventRounds "9"]
[EventCountry "GER"]
[WhiteTeam "SSC Rostock"]
[BlackTeam "Greifswalder SV II"]
[WhiteTeamCountry "GER"]
[BlackTeamCountry "GER"]

1. Nf3 c6 2. d4 d5 3. c4 Nf6 4. Nc3 e6 5. Bg5 Nbd7 6. e3 Be7 7. cxd5 cxd5 8.
Bd3 h6 9. Bh4 a6 10. a4 Qb6 11. Qd2 Bb4 12. Bxf6 Nxf6 13. Ne5 Bd7 14. O-O Rc8
15. Rfc1 Qa5 16. Nxd7 Kxd7 17. Qc2 Rc7 18. Qb3 Rhc8 19. Rc2 Bxc3 20. bxc3 Rxc3
21. Rxc3 Qxc3 22. Qxb7+ Rc7 23. Qb1 a5 24. Kf1 Qd2 25. Qb3 Ng4 26. Bb5+ Ke7 27.
Be2 Rc2 28. Qb5 Rc1+ 0-1

[Event "VL18/19"]
[Site "Mecklenburg-Vorpommern"]
[Date "2019.02.24"]
[Round "6.1"]
[White "Roehl, Rainer"]
[Black "Luethke, Hans Eckart"]
[Result "1/2-1/2"]
[WhiteElo "2006"]
[BlackElo "2100"]
[PlyCount "54"]
[EventDate "2018.??.??"]
[EventType "team-tourn"]
[EventRounds "9"]
[EventCountry "GER"]
[WhiteTeam "SF Schwerin III"]
[BlackTeam "Graal-Mueritz"]
[WhiteTeamCountry "GER"]
[BlackTeamCountry "GER"]

1. d4 Nf6 2. Bf4 e6 3. e3 Be7 4. Bd3 c5 5. c3 Nc6 6. Nd2 b6 7. Qf3 Bb7 8. Qh3
cxd4 9. exd4 d5 10. Ne2 a5 11. O-O Ba6 12. Bxa6 Rxa6 13. Qd3 Qc8 14. h3 O-O 15.
Bh2 a4 16. f4 Qb7 17. f5 exf5 18. Rxf5 b5 19. Raf1 Na5 20. b4 axb3 21. axb3 g6
22. R5f2 Ne4 23. Nxe4 dxe4 24. Qb1 Bg5 25. Bf4 Bh4 26. g3 Bf6 27. Bc1 Bg7
1/2-1/2

[Event "VL18/19"]
[Site "Mecklenburg-Vorpommern"]
[Date "2019.02.24"]
[Round "6.2"]
[White "Jansen, Andreas"]
[Black "Schumacher, Ole"]
[Result "1/2-1/2"]
[WhiteElo "2056"]
[BlackElo "1835"]
[PlyCount "34"]
[EventDate "2018.??.??"]
[EventType "team-tourn"]
[EventRounds "9"]
[EventCountry "GER"]
[WhiteTeam "Graal-Mueritz"]
[BlackTeam "SF Schwerin III"]
[WhiteTeamCountry "GER"]
[BlackTeamCountry "GER"]

1. e4 c5 2. Nf3 d6 3. g3 g6 4. Bg2 Bg7 5. O-O Nc6 6. d3 e5 7. c3 Nge7 8. Na3
O-O 9. Be3 h6 10. Qd2 Kh7 11. Ne1 f5 12. f4 Rb8 13. Rd1 Be6 14. b3 b5 15. Nf3
Qa5 16. Nb1 b4 17. fxe5 Nxe5 1/2-1/2

[Event "VL18/19"]
[Site "Mecklenburg-Vorpommern"]
[Date "2019.02.24"]
[Round "6.3"]
[White "Kutschke, Peter"]
[Black "Van Bentum, Horst"]
[Result "1/2-1/2"]
[WhiteElo "1941"]
[BlackElo "1945"]
[PlyCount "29"]
[EventDate "2018.??.??"]
[EventType "team-tourn"]
[EventRounds "9"]
[EventCountry "GER"]
[WhiteTeam "SF Schwerin III"]
[BlackTeam "Graal-Mueritz"]
[WhiteTeamCountry "GER"]
[BlackTeamCountry "GER"]

1. c4 e5 2. Nc3 Nf6 3. e4 Bc5 4. Be2 Nc6 5. Nf3 d6 6. O-O a5 7. d3 h6 8. h3 Nd4
9. Nxd4 Bxd4 10. Be3 Bxe3 11. fxe3 O-O 12. Rc1 Bd7 13. b3 Nh7 14. Bg4 Bxg4 15.
Qxg4 1/2-1/2

[Event "VL18/19"]
[Site "Mecklenburg-Vorpommern"]
[Date "2019.02.24"]
[Round "6.4"]
[White "Moritz, Hartmut"]
[Black "Focke, Adrian"]
[Result "1-0"]
[WhiteElo "1917"]
[BlackElo "1808"]
[PlyCount "97"]
[EventDate "2018.??.??"]
[EventType "team-tourn"]
[EventRounds "9"]
[EventCountry "GER"]
[WhiteTeam "Graal-Mueritz"]
[BlackTeam "SF Schwerin III"]
[WhiteTeamCountry "GER"]
[BlackTeamCountry "GER"]

1. e4 c5 2. c3 Nf6 3. d3 e6 4. f4 d5 5. e5 Nfd7 6. Nf3 Nc6 7. Nbd2 Be7 8. Nb3
b6 9. d4 Bb7 10. Be3 c4 11. Nbd2 b5 12. Qc2 Nb6 13. Be2 b4 14. O-O Bc8 15. Ng5
h6 16. Nxf7 Kxf7 17. Bh5+ Kg8 18. Qg6 Qf8 19. f5 Nxe5 20. dxe5 exf5 21. Bxb6
axb6 22. Qc6 Ra5 23. Bg6 h5 24. e6 Rh6 25. Rxf5 Qd8 26. Bf7+ Kh8 27. Re1 bxc3
28. bxc3 Rc5 29. Qa8 Ra5 30. Qb8 Rxa2 31. Rxd5 Qxd5 32. Qxc8+ Qd8 33. Qxd8+
Bxd8 34. Nxc4 Rf6 35. Bxh5 Kg8 36. Ne5 Be7 37. Bf3 Rc2 38. c4 Bc5+ 39. Kh1 Bd6
40. Nd7 Rh6 41. h3 Be7 42. Nxb6 Kf8 43. Bd5 Ke8 44. Ra1 Bc5 45. Nd7 Bd4 46. Rd1
Rh4 47. Nb8 Bb6 48. Nc6 Ra2 49. c5 1-0

[Event "VL18/19"]
[Site "Mecklenburg-Vorpommern"]
[Date "2019.02.24"]
[Round "6.5"]
[White "Fischer, Torsten"]
[Black "Simcaks, Sergejs"]
[Result "1/2-1/2"]
[WhiteElo "1975"]
[BlackElo "1867"]
[PlyCount "120"]
[EventDate "2018.??.??"]
[EventType "team-tourn"]
[EventRounds "9"]
[EventCountry "GER"]
[WhiteTeam "SF Schwerin III"]
[BlackTeam "Graal-Mueritz"]
[WhiteTeamCountry "GER"]
[BlackTeamCountry "GER"]

1. f4 c5 2. Nf3 d6 3. g3 Nc6 4. Bg2 g6 5. d3 Bg7 6. c3 Nf6 7. O-O O-O 8. Nh4
Qc7 9. e4 Rb8 10. Na3 a6 11. Nc2 b5 12. Ne3 b4 13. Bd2 a5 14. Nd5 Nxd5 15. exd5
bxc3 16. bxc3 Nd8 17. f5 Ba6 18. Qc2 Be5 19. Be4 e6 20. dxe6 fxe6 21. fxg6 h5
22. Rxf8+ Kxf8 23. Rf1+ Kg8 24. Bh6 Bg7 25. Bf4 Bb7 26. Qa4 Bc6 27. Bxc6 Nxc6
28. Qc4 Qe7 29. Nf5 Qd7 30. Nxd6 Rf8 31. Nf7 Qd5 32. Bd6 Qxc4 33. dxc4 Re8 34.
Bxc5 Bxc3 35. Nd6 Rd8 36. Ne4 Bd4+ 37. Kg2 Kg7 38. Bd6 Kxg6 39. h3 a4 40. c5
Rc8 41. Rf3 Nb4 42. Ra3 Ra8 43. Kf1 Bb2 44. Rf3 a3 45. Nc3 Bxc3 46. Rxc3 Nxa2
47. Rc4 Nc3 48. Be5 Nd5 49. Ke2 Kf5 50. Ba1 Rb8 51. Ra4 Rb2+ 52. Kf3 Rb3+ 53.
Kf2 Nb4 54. g4+ Kg5 55. Ra5 Kf4 56. Ra4 Kg5 57. Ra5 Rb2+ 58. Kf3 hxg4+ 59. hxg4
Nc6 60. Rxa3 Rc2 1/2-1/2

[Event "VL18/19"]
[Site "Mecklenburg-Vorpommern"]
[Date "2019.02.24"]
[Round "6.6"]
[White "Schulz, Wolf Detlef"]
[Black "Kupfernagel, Michael"]
[Result "1-0"]
[WhiteElo "1782"]
[BlackElo "1939"]
[PlyCount "41"]
[EventDate "2018.??.??"]
[EventType "team-tourn"]
[EventRounds "9"]
[EventCountry "GER"]
[WhiteTeam "Graal-Mueritz"]
[BlackTeam "SF Schwerin III"]
[WhiteTeamCountry "GER"]
[BlackTeamCountry "GER"]

1. e4 c5 2. Nc3 e6 3. Bc4 a6 4. a4 Nc6 5. f4 d6 6. Nf3 Nge7 7. O-O Rb8 8. d3
Qc7 9. f5 Ne5 10. Nxe5 dxe5 11. Qh5 g6 12. fxg6 fxg6 13. Qh3 Qd7 14. Rf6 Bg7
15. Rxe6 b5 16. axb5 axb5 17. Bd5 Qc7 18. Bg5 Bxe6 19. Qxe6 Kd8 20. Bc6 Bf8 21.
Nd5 1-0

[Event "VL18/19"]
[Site "Mecklenburg-Vorpommern"]
[Date "2019.02.24"]
[Round "6.7"]
[White "Schmidt, Arne"]
[Black "Schumann, Lutz"]
[Result "0-1"]
[WhiteElo "1703"]
[BlackElo "1756"]
[PlyCount "66"]
[EventDate "2018.??.??"]
[EventType "team-tourn"]
[EventRounds "9"]
[EventCountry "GER"]
[WhiteTeam "SF Schwerin III"]
[BlackTeam "Graal-Mueritz"]
[WhiteTeamCountry "GER"]
[BlackTeamCountry "GER"]

1. Nf3 Nf6 2. g3 g6 3. Bg2 Bg7 4. O-O O-O 5. c4 d6 6. Nc3 e5 7. d3 c6 8. Bd2
Na6 9. Rb1 Rb8 10. b4 Bg4 11. h3 Bd7 12. Qc1 Re8 13. Ng5 Nc7 14. Qa3 a6 15. b5
axb5 16. cxb5 Ra8 17. Qb3 d5 18. bxc6 Bxc6 19. Rfc1 h6 20. Nf3 d4 21. Nd1 e4
22. dxe4 Bxe4 23. Rb2 Kh7 24. Qb6 Nfd5 25. Qxb7 Nc3 26. Qb3 Nxe2+ 27. Kh2 Nxc1
28. Bxc1 Bd5 29. Qd3 Rxa2 30. Nxd4 Rxb2 31. Bxb2 Bxg2 32. Kxg2 Ne6 33. Qc4 Bxd4
0-1